000
00281nam a22001337a 4500
008
170505b xxu||||| |||| 00| 0 eng d
020
_a
9780143037385
041
_a
eng
080
_a
34
100
_a
14
101
_a
SHJ
245
_a
SUPREME COURT
_c
IRONS.P
942
_2
udc
_c
BK
999
_c
12840
_d
12840